000 00523nam a2200229Ia 4500
008 210210b1961 xxu||||| |||| 00| 0 eng d
082 _a917.304 JOGO
100 _aJOG (Leela)
245 _aOf gadgets and gourmets: four months in America
260 _aBombay
_bBharatiya Vidyabhavana
_c1961
300 _a106
650 _aOf
650 _amonths
650 _ain
650 _agourmets:
650 _agadgets
650 _afour
650 _aand
650 _aAmerica
690 _aTravel
906 _a029014
999 _c80242
_d80242